Entry Nombre personal
001 - NÚMERO DE CONTROL
- campo de control: 161892
003 - IDENTIFICADOR DE NÚMERO DE CONTROL
- campo de control: SpMaBN
005 - FECHA Y HORA DE LA ÚLTIMA TRANSACCIÓN
- campo de control: 20250809104048.0
008 - ELEMENTOS DE DATO DE LONGITUD-FIJA
- campo de control de longitud fija: 010212nn aijnnaabn a aaa
016 ## - NÚMERO DE CONTROL DE UNA AGENCIA BIBLIOGRÁFICA NACIONAL
- Número de control del registro: BNE20010769215
024 8# - IDENTIFICADOR DE OTROS ESTÁNDARES
- Número estándar o código: http://pares.mcu.es:80/ParesBusquedas20/catalogo/autoridad/525 96
024 7# - IDENTIFICADOR DE OTROS ESTÁNDARES
- Número estándar o código: http://viaf.org/viaf/87857450/
- Fuente: viaf
024 7# - IDENTIFICADOR DE OTROS ESTÁNDARES
- Número estándar o código: https://isni.org/isni/0000000079789729
- Fuente: isni
024 7# - IDENTIFICADOR DE OTROS ESTÁNDARES
- Número estándar o código: http://www.wikidata.org/entity/Q525631
- Fuente: wikidata
040 ## - FUENTE DE CATALOGACIÓN
- Centro catalogador/agencia de origen: SpMaBN
- Lengua de catalogación: spa
- Centro/agencia transcriptor: SpMaBN
- Normas de descripción: rdc
- Convención/Normas de encabezamiento de materia/tesauro: embne
046 ## - FECHAS CON CODIFICACIÓN ESPECIAL
- Fecha de nacimiento: 1870
- Fecha de la muerte: 1931
100 1# - ENCABEZAMIENTO-NOMBRE DE PERSONA
- Nombre de persona: Borbón y Borbón-Parma, Jaime de,
- Títulos y otros términos asociados al nombre: Duque de Madrid,
- Fechas asociadas al nombre: 1870-1931
370 ## - LUGAR ASOCIADO
- Lugar de nacimiento: Vevey
- Número de control del registro de autoridad o número normalizado: XX5752766
- Fuente de información: Wikidata
374 ## - OCUPACIÓN
- Ocupación: Escritores
- Fuente de información: Wikidata
375 ## - GÉNERO/SEXO
- Género: Masculino
- Fuente de información: Wikidata
377 ## - IDIOMA ASOCIADO
- Término de lengua/lenguaje: Español
400 1# - TRAZADO DE VÉASE--NOMBRE DE PERSONA
- Nombre de persona: Borbón y Borbón, Jaime de,
- Fechas asociadas al nombre: 1870-1931
670 ## - FUENTE DE DATOS ENCONTRADOS
- Cita de la fuente: La gran víctima, 1917
670 ## - FUENTE DE DATOS ENCONTRADOS
- Cita de la fuente: WWW Biografias y Vidas, 21-12-2006
- Información encontrada: (Jaime de Borbón y Borboón-Parma; n. 1870, en Vevey, Suiza -m. 1931, en París; hijo de Carlos VII y de Margarita de Borbón-Parma)
670 ## - FUENTE DE DATOS ENCONTRADOS
- Cita de la fuente: WWW Wikipedia, 21-12-2006
- Información encontrada: (Jaime de Borbón y Borbón-Parma; 1870-1931; hijo de Carlos de Borbón y Margarita de Borbón-Parma; pretendiente carlista al trono de españa con el nombre de Jaime III; duque de Anjou y de Madrid)
